| 000 | 00000nam 2200000zi 4500 |
| 001 | 9.942087 |
| 003 | CaOODSP |
| 005 | 20250108121949 |
| 006 | m o d f |
| 007 | cr |n||||||||| |
| 008 | 240819t20242024onca o f000 0 fre d |
| 020 | |a9780660732459 |
| 040 | |aCaOODSP|bfre|erda|cCaOODSP |
| 043 | |an-cn--- |
| 086 | 1 |aH129-162/2024F-PDF |
| 245 | 00|aAttention aux piles boutons! |
| 264 | 1|a[Ottawa] : |bSanté Canada = Health Canada, |c2024. |
| 264 | 4|c©2024 |
| 300 | |a1 ressource en ligne (1 page non numérotée) : |billustrations en couleur |
| 336 | |atexte|btxt|2rdacontent/fre |
| 337 | |ainformatique|bc|2rdamedia/fre |
| 338 | |aressource en ligne|bcr|2rdacarrier/fre |
| 500 | |aPublié aussi en anglais sous le titre : Beware of button batteries. |
| 500 | |a« Pub.: 240485. » |
| 650 | 6|aPiles électriques|xAspect sanitaire|zCanada. |
| 650 | 6|aPiles électriques|zCanada|xSécurité|xMesures. |
| 650 | 6|aEnfants|xAccidents|zCanada|xPrévention. |
| 710 | 1 |aCanada. |bSanté Canada, |eorganisme de publication. |
| 775 | 08|tBeware of button batteries.|w(CaOODSP)9.942084 |
| 776 | 0#|tAttention aux piles boutons. |w(CaOODSP)9.942090 |
| 856 | 40|qPDF|s641 Ko|uhttps://publications.gc.ca/collections/collection_2025/sc-hc/H129-162-2024-fra.pdf |
| 856 | 4 |qHTML|sS.O.|uhttps://www.canada.ca/fr/sante-canada/services/produits-menagers/securite-piles/ressources/affiche-attention-piles-boutons.html |